000 00514nam a2200181Ia 4500
005 20250326123546.0
008 250326s9999 xx 000 0 und d
037 _aTextbook
040 _aFMSL
_beng
_cFMSL
041 _aeng
_2eng
084 _aB2893PobX K1
_qFMSL
100 _aVazsonyi A
_9735464
245 0 _aScientific programming in business and industry
_cVazsonyi A
260 _aNY
_bNY, John Wiley
_c1961
300 _a472p
942 _cTB
_hB2893PobX K1
999 _c1269910
_d1269910